Tri thức tộc người về hoạt động kinh tế của người Hoa ở đồng bằng sông Cửu Long

में बचाया:
ग्रंथसूची विवरण
मुख्य लेखक: Ngô, Văn Lệ
अन्य लेखक: Trần, Hạnh Minh Phương
स्वरूप: पुस्तक
भाषा:Undetermined
विषय:
ऑनलाइन पहुंच:http://lrc.tdmu.edu.vn/opac/search/detail.asp?aID=2&ID=40976
टैग : टैग जोड़ें
कोई टैग नहीं, इस रिकॉर्ड को टैग करने वाले पहले व्यक्ति बनें!
Thư viện lưu trữ: Trung tâm Học liệu Trường Đại học Thủ Dầu Một
LEADER 00776nam a2200157Ia 4500
001 TDMU_40976
008 210410s9999 xx 000 0 und d
082 |a 895.9228403 
100 |a Ngô, Văn Lệ 
245 0 |a Tri thức tộc người về hoạt động kinh tế của người Hoa ở đồng bằng sông Cửu Long 
245 0 |c Ngô Văn Lệ, Trần Hạnh Minh Phương 
300 |a tr.3-15 
650 |a Người Hoa; Buôn bán; Kinh doanh; Sản xuất; Tri thức tộc người; Đồng bằng sông Cửu Long  
700 |a Trần, Hạnh Minh Phương 
856 |u http://lrc.tdmu.edu.vn/opac/search/detail.asp?aID=2&ID=40976 
980 |a Trung tâm Học liệu Trường Đại học Thủ Dầu Một